[Event "Dutch Open 2012"]
[Site "Dieren NED"]
[Date "2012.07.30"]
[Round "6.9"]
[White "Vogel, Jaap"]
[Black "Heemskerk, Wim"]
[Result "1/2-1/2"]
[WhiteTitle "FM"]
[BlackTitle "FM"]
[WhiteElo "2179"]
[BlackElo "2252"]
[WhiteFideId "1000764"]
[BlackFideId "1001000"]
[EventDate "2012.07.24"]
[EventType "swiss"]

1. d4 e6 2. Nf3 c5 3. c4 cxd4 4. Nxd4 Nf6 5. g3 d5 6. Bg2 e5 7. Nf3 d4 8. O-O
Nc6 9. e3 Be7 10. exd4 exd4 11. Bf4 O-O 12. Ne5 Nxe5 13. Bxe5 Bc5 14. Nd2 Re8
15. Bxf6 Qxf6 16. Ne4 Qb6 17. Qh5 Be7 18. b3 a5 19. Rad1 a4 20. Rfe1 Be6 21. c5
Qb4 22. bxa4 Bxa2 23. Qe5 Rad8 24. Qc7 Rc8 25. Qd7 Be6 26. Qxd4 1/2-1/2

[Event "Dutch Open 2012"]
[Site "Dieren NED"]
[Date "2012.07.30"]
[Round "6.10"]
[White "Hoogland, Dirk"]
[Black "Schouten, Nico"]
[Result "1-0"]
[WhiteTitle "CM"]
[WhiteElo "2169"]
[BlackElo "2232"]
[WhiteFideId "1012533"]
[BlackFideId "1001108"]
[EventDate "2012.07.24"]
[EventType "swiss"]

1. e4 e5 2. Nf3 Nc6 3. d4 exd4 4. Bc4 Nf6 5. e5 d5 6. Bb5 Ne4 7. Nxd4 Bd7 8.
Bxc6 bxc6 9. O-O Be7 10. f3 Nc5 11. f4 O-O 12. f5 f6 13. e6 Be8 14. Qg4 h5 15.
Qe2 Ne4 16. Nf3 Qd6 17. c3 g5 18. Be3 c5 19. Nbd2 Rb8 20. Nxe4 dxe4 21. Ne1 Qe5
22. g3 Kg7 23. Rf2 Rh8 24. Rd1 Bb5 25. c4 Bc6 26. Ng2 Bd6 27. Nf4 h4 28. Ng6
hxg3 29. Nxe5 gxf2+ 30. Qxf2 Bxe5 31. Rd2 Rh4 32. Qe1 Rbh8 33. Qd1 Bxh2+ 34. Kf1
Bd6 35. Rxd6 Be8 36. Rd7+ Kg8 37. Re7 Rf4+ 38. Kg1 1-0

[Event "Dutch Open 2012"]
[Site "Dieren NED"]
[Date "2012.07.30"]
[Round "6.12"]
[White "Efroimski, Marsel"]
[Black "Zwirs, Nico"]
[Result "0-1"]
[WhiteTitle "WIM"]
[WhiteElo "2187"]
[BlackElo "2173"]
[WhiteFideId "2810964"]
[BlackFideId "1036432"]
[EventDate "2012.07.24"]
[EventType "swiss"]

1. e4 c5 2. Nc3 a6 3. g3 b5 4. Bg2 Bb7 5. Nge2 d6 6. d4 cxd4 7. Nxd4 Nf6 8. O-O
e5 9. Nf5 b4 10. Nd5 Nxd5 11. exd5 g6 12. Ne3 Bg7 13. f4 exf4 14. Nc4 O-O 15.
Bxf4 a5 16. Bxd6 Re8 17. Qf3 f5 18. Rae1 Nd7 19. Bf4 Ba6 20. b3 Nf6 21. Qd3 Qd7
22. Re6 Ng4 23. Bf3 Qa7+ 24. Kg2 Rad8 25. Rxe8+ Rxe8 26. h3 Nf6 27. d6 Kh8 28.
Be5 Bxc4 29. Qxc4 Rxe5 30. Qc7 Qxc7 31. dxc7 Rc5 32. Rd1 Rxc7 33. Rd8+ Bf8 34.
Rxf8+ Kg7 35. Ra8 Rxc2+ 36. Kf1 Rxa2 37. g4 Ne4 38. Bxe4 fxe4 39. g5 a4 40. bxa4
b3 41. a5 b2 0-1

[Event "Dutch Open 2012"]
[Site "Dieren NED"]
[Date "2012.07.30"]
[Round "6.13"]
[White "Van Mierlo, Guido"]
[Black "Go, Benjamin"]
[Result "0-1"]
[WhiteElo "2089"]
[BlackElo "2164"]
[WhiteFideId "1032453"]
[BlackFideId "1014560"]
[EventDate "2012.07.24"]
[EventType "swiss"]

1. e4 e5 2. Bc4 Nf6 3. Nf3 Nc6 4. d3 Be7 5. O-O O-O 6. Re1 d6 7. c3 Na5 8. Bb5
a6 9. Ba4 b5 10. Bc2 c5 11. Nbd2 Nc6 12. a4 Bb7 13. Nf1 Re8 14. Ng3 Bf8 15. d4
exd4 16. cxd4 h6 17. d5 Nb4 18. Bb1 g6 19. h4 Ng4 20. h5 Ne5 21. Nxe5 dxe5 22.
hxg6 fxg6 23. Qg4 Kh7 24. f4 exf4 25. Bxf4 Nxd5 26. Rd1 Nf6 27. Qe2 Qb6 28. e5
c4+ 29. Be3 Bc5 30. exf6 Rxe3 31. Bxg6+ Kh8 32. Qh5 Re5+ 33. Kh1 Rxh5+ 34. Nxh5
Rg8 35. Nf4 Qxf6 36. Rd7 Qh4+ 0-1

[Event "Dutch Open 2012"]
[Site "Dieren NED"]
[Date "2012.07.30"]
[Round "6.15"]
[White "Van Osch, Mees"]
[Black "Von Meijenfeldt, Bart"]
[Result "1/2-1/2"]
[WhiteElo "2071"]
[BlackElo "2123"]
[WhiteFideId "1035967"]
[BlackFideId "1032259"]
[EventDate "2012.07.24"]
[EventType "swiss"]

1. e4 c5 2. Nf3 d6 3. d4 cxd4 4. Nxd4 Nf6 5. Nc3 a6 6. Bg5 e6 7. f4 Qc7 8. Bxf6
gxf6 9. Qd2 Nc6 10. O-O-O Bd7 11. Kb1 O-O-O 12. f5 h5 13. Bc4 Bh6 14. Qe2 Nxd4
15. Rxd4 Kb8 16. Rf1 h4 17. Rf3 Rhg8 18. Bxa6 Qb6 19. Rfd3 bxa6 20. Rxd6 Bc6 21.
Na4 Qg1+ 22. Rd1 Rxd6 23. Rxg1 Bxa4 24. b3 Bb5 25. Qh5 Be3 26. Re1 Bd2 27. Rd1
Rgd8 28. Qxh4 Bc3 29. Rxd6 Rxd6 30. Qg3 Be5 31. Qg8+ Kc7 32. Kc1 Be2 33. c3 Bf4+
34. Kb2 Rd2+ 35. Ka1 Rd1+ 36. Kb2 Rd2+ 37. Ka1 Rd1+ 38. Kb2 Rd2+ 1/2-1/2

[Event "Dutch Open 2012"]
[Site "Dieren NED"]
[Date "2012.07.30"]
[Round "6.16"]
[White "Vereggen, Lars"]
[Black "Ypma, Peter"]
[Result "1-0"]
[WhiteElo "2051"]
[BlackElo "2175"]
[WhiteFideId "1029258"]
[BlackFideId "1027255"]
[EventDate "2012.07.24"]
[EventType "swiss"]

1. e4 e6 2. Nc3 d5 3. d3 dxe4 4. Nxe4 Bd7 5. Nf3 Bc6 6. Be3 Nf6 7. Ng3 b6 8. d4
h5 9. Ne5 Bb7 10. Bb5+ c6 11. Bd3 Be7 12. O-O Nbd7 13. Qf3 Qc7 14. Nxd7 Qxd7 15.
Ne4 Nxe4 16. Bxe4 g5 17. c4 f5 18. Bc2 O-O-O 19. Rfd1 f4 20. Bd2 c5 21. Be4 cxd4
22. a4 a5 23. b4 axb4 24. a5 g4 25. Qd3 Bc5 26. axb6 Bxb6 27. c5 Bxe4 28. Qxe4
Bxc5 29. Qa8+ Kc7 30. Bxf4+ Kb6 31. Qa6# 1-0

[Event "Dutch Open 2012"]
[Site "Dieren NED"]
[Date "2012.07.30"]
[Round "6.18"]
[White "De Bruijne, Arian"]
[Black "Markus, John Raymond"]
[Result "1-0"]
[WhiteElo "1934"]
[BlackElo "2147"]
[WhiteFideId "1039946"]
[BlackFideId "1001213"]
[EventDate "2012.07.24"]
[EventType "swiss"]

1. e4 e5 2. Nf3 Nc6 3. d4 exd4 4. Bc4 Nf6 5. O-O Bc5 6. e5 d5 7. exf6 dxc4 8.
Re1+ Be6 9. Ng5 Qd5 10. Nc3 Qf5 11. Nce4 O-O-O 12. g4 Qe5 13. Nxe6 fxe6 14. Bg5
Bb6 15. fxg7 Qxg7 16. Bxd8 Rxd8 17. g5 Ne5 18. f4 d3+ 19. Kh1 dxc2 20. Qxc2 Nd3
21. Qxc4 Nxf4 22. Nd6+ Rxd6 23. Qxf4 Qxb2 24. Rad1 Bd4 25. Qf8+ Rd8 26. Qe7 e5
27. Qe6+ Kb8 28. Rxe5 Rc8 29. Re2 Qc3 30. Qg4 c5 31. Re7 b5 32. Rb1 Ka8 1-0

[Event "Dutch Open 2012"]
[Site "Dieren NED"]
[Date "2012.07.31"]
[Round "7.3"]
[White "Bakre, Tejas"]
[Black "Houben, Jaap"]
[Result "1/2-1/2"]
[WhiteTitle "GM"]
[WhiteElo "2482"]
[BlackElo "2269"]
[WhiteFideId "5004195"]
[BlackFideId "1028103"]
[EventDate "2012.07.24"]
[EventType "swiss"]

1. e4 d6 2. d4 Nf6 3. Nc3 g6 4. Nf3 Bg7 5. Be2 O-O 6. O-O c6 7. Bf4 Nbd7 8. Qd2
e5 9. dxe5 dxe5 10. Nxe5 Nxe4 11. Nxe4 Nxe5 12. Qxd8 Rxd8 13. Bg5 Re8 14. Nd6
Re6 15. Rad1 Bf8 16. Nxc8 Rxc8 17. f4 Nd7 18. Bg4 f5 19. Bxf5 gxf5 20. Rxd7 Re2
21. Bf6 Rce8 22. h3 R8e6 23. Bd4 Rd2 24. Rf2 Rd1+ 25. Rf1 Rd2 26. Rf2 Rd1+ 27.
Rf1 Rd2 1/2-1/2

[Event "Dutch Open 2012"]
[Site "Dieren NED"]
[Date "2012.07.31"]
[Round "7.4"]
[White "De Jong, Migchiel"]
[Black "Maatman, Nick"]
[Result "1-0"]
[WhiteTitle "IM"]
[WhiteElo "2358"]
[BlackElo "2123"]
[WhiteFideId "1002848"]
[BlackFideId "1040391"]
[EventDate "2012.07.24"]
[EventType "swiss"]

1. e4 e6 2. d4 d5 3. Nd2 Nf6 4. e5 Nfd7 5. Bd3 c5 6. c3 b6 7. Nh3 Ba6 8. Bxa6
Nxa6 9. Qe2 Nc7 10. Nf4 Qc8 11. O-O Qa6 12. Qg4 cxd4 13. cxd4 g6 14. Nf3 Be7 15.
Be3 h6 16. Rfc1 O-O-O 17. Nxg6 fxg6 18. Qxe6 Bc5 19. Qh3 Be7 20. e6 Nf6 21. Bf4
Rd6 22. Bxd6 Bxd6 23. Rc6 Ne8 24. e7+ Kb8 25. Qd7 Bf4 26. g3 Bg5 27. Nxg5 hxg5
28. Qd8+ Qc8 29. Rac1 Kb7 30. b4 Rg8 31. a4 Qb8 32. a5 Qc8 33. axb6 1-0

[Event "Dutch Open 2012"]
[Site "Dieren NED"]
[Date "2012.07.31"]
[Round "7.6"]
[White "Popilski, Gil"]
[Black "Hoogland, Dirk"]
[Result "1-0"]
[WhiteTitle "IM"]
[BlackTitle "CM"]
[WhiteElo "2450"]
[BlackElo "2169"]
[WhiteFideId "2809060"]
[BlackFideId "1012533"]
[EventDate "2012.07.24"]
[EventType "swiss"]

1. e4 c5 2. Nf3 g6 3. d4 cxd4 4. Nxd4 Nc6 5. c4 Nf6 6. Nc3 d6 7. Nc2 Bg7 8. Be2
O-O 9. O-O Be6 10. b3 Qa5 11. Bd2 Rfc8 12. Rc1 Nd7 13. Nd5 Qd8 14. Bg5 Nc5 15.
f3 f6 16. Bh4 Bf7 17. Qd2 a6 18. Nce3 Ne6 19. f4 Ned4 20. Bg4 e6 21. Kh1 g5 22.
Bg3 h5 23. Bd1 f5 24. fxg5 exd5 25. Nxf5 Nxf5 26. exf5 Qa5 27. Qf4 Ne5 28. Qh4
dxc4 29. g6 Nxg6 30. fxg6 Bxg6 31. bxc4 Rf8 32. Bf3 Qxa2 33. Bxd6 Rfd8 34. Bxb7
Rxd6 35. Bxa8 Rd2 36. Bd5+ Kh7 37. Be4 1-0

[Event "Dutch Open 2012"]
[Site "Dieren NED"]
[Date "2012.07.31"]
[Round "7.7"]
[White "Pijpers, Arthur"]
[Black "Evengroen, Henk-Jan"]
[Result "1-0"]
[WhiteElo "2341"]
[BlackElo "1968"]
[WhiteFideId "1019554"]
[BlackFideId "1019252"]
[EventDate "2012.07.24"]
[EventType "swiss"]

1. e4 e5 2. Nf3 Nc6 3. Bc4 Be7 4. d4 exd4 5. c3 d3 6. Qb3 Na5 7. Bxf7+ Kf8 8.
Qa4 c5 9. Bc4 Nxc4 10. Qxc4 d5 11. Qxd5 Qxd5 12. exd5 Nf6 13. c4 b5 14. Bf4 Nh5
15. Be5 bxc4 16. Nfd2 Bb7 17. d6 Bf6 18. Bxf6 Nxf6 19. O-O Rd8 20. Nxc4 Ne4 21.
Rd1 Ba6 22. Nba3 Kf7 23. Rxd3 Rhe8 24. f3 Nf6 25. Kf2 Nd7 26. Rd5 Nb6 27. Rxc5
Nxc4 28. Nxc4 Bxc4 29. Rxc4 Rxd6 30. Rc2 Ra6 31. b3 Re7 32. Rd1 Kf6 33. Rd4 Re5
34. Rf4+ Kg6 35. g4 Rea5 36. a4 Rd5 37. Rfc4 h5 38. Rc6+ Rxc6 39. Rxc6+ Kh7 40.
Kg3 hxg4 41. Kxg4 Rd3 42. Rc7 Rxb3 43. Rxa7 Rb4+ 44. Kg3 Kg6 45. a5 Kf6 46. a6
Ra4 47. Ra8 g5 48. a7 Kg7 49. h4 gxh4+ 50. Kh3 1-0

[Event "Dutch Open 2012"]
[Site "Dieren NED"]
[Date "2012.07.31"]
[Round "7.8"]
[White "Heemskerk, Wim"]
[Black "Van Lanen, Antoon"]
[Result "1-0"]
[WhiteTitle "FM"]
[WhiteElo "2252"]
[BlackElo "2147"]
[WhiteFideId "1001000"]
[BlackFideId "1008064"]
[EventDate "2012.07.24"]
[EventType "swiss"]

1. Nf3 f5 2. g3 Nf6 3. Bg2 g6 4. b3 Bg7 5. Bb2 d6 6. d4 O-O 7. O-O Ne4 8. Nfd2
Ng5 9. Nc4 f4 10. f3 c5 11. dxc5 d5 12. Bxg7 Kxg7 13. Qd4+ Rf6 14. Nc3 Be6 15.
Ne5 fxg3 16. hxg3 Nf7 17. Nxf7 Bxf7 18. Rfd1 Nc6 19. Qf2 e6 20. Nb5 Qa5 21. Nd6
b6 22. cxb6 axb6 23. c4 Nb4 24. e4 Bg8 25. e5 Rff8 26. a3 Nc6 27. b4 Qa7 28. f4
Ne7 29. Nb5 Qb8 30. Nc3 Rd8 31. cxd5 exd5 32. Nb5 Rd7 33. Rdc1 Be6 34. Nd4 Qg8
35. Rc3 Rf8 36. Qe3 Qf7 37. Rd1 h5 38. Nf3 Nf5 39. Qxb6 Nxg3 40. Ng5 Ne2+ 41.
Kh1 Nxc3 42. Nxf7 Nxd1 43. Ng5 Bg4 44. e6 Re7 45. Qd4+ Kh6 46. Nf7+ Kh7 47. Bxd5
Rc7 48. f5 Nc3 49. Qf6 Bxf5 50. Ng5+ Kh6 51. Qxf8+ Kxg5 52. Qd8+ Kg4 53. Qxc7
Nxd5 54. Qe5 1-0

[Event "Dutch Open 2012"]
[Site "Dieren NED"]
[Date "2012.07.31"]
[Round "7.9"]
[White "Beerdsen, Thomas"]
[Black "Vogel, Jaap"]
[Result "1/2-1/2"]
[BlackTitle "FM"]
[WhiteElo "2044"]
[BlackElo "2179"]
[WhiteFideId "1030108"]
[BlackFideId "1000764"]
[EventDate "2012.07.24"]
[EventType "swiss"]

1. e4 e6 2. d4 d5 3. Nc3 Bb4 4. e5 c5 5. a3 Bxc3+ 6. bxc3 Qa5 7. Bd2 Qa4 8. Qg4
Kf8 9. Qd1 b6 10. Nf3 Ba6 11. Bxa6 Qxa6 12. h4 Nc6 13. h5 h6 14. g4 Nge7 15. Be3
Qc4 16. Qd2 Rc8 17. g5 hxg5 18. Bxg5 Nf5 19. Rd1 Ke8 20. Rh3 Kd7 21. Bf4 Rcf8
22. Qd3 Qxd3 23. Rxd3 cxd4 24. cxd4 Na5 25. Ke2 Rc8 26. Kd2 Rc4 27. Rh1 Rhc8 28.
Rc1 Ra4 29. Ke2 Nc4 30. Ra1 Rh8 31. Rh1 Rxa3 32. Rxa3 Nxa3 33. Kd3 Nc4 34. Bd2
a5 35. Bc1 b5 36. c3 a4 37. Ne1 Ra8 38. Nc2 a3 39. Bxa3 Nxa3 40. Ra1 b4 41. cxb4
Nxc2 42. Rxa8 Nxb4+ 43. Kc3 Nc6 44. Rg8 Nce7 45. Rf8 Nh6 1/2-1/2

[Event "Dutch Open 2012"]
[Site "Dieren NED"]
[Date "2012.07.31"]
[Round "7.11"]
[White "Go, Benjamin"]
[Black "Colijn, Stefan"]
[Result "0-1"]
[WhiteElo "2164"]
[BlackElo "2220"]
[WhiteFideId "1014560"]
[BlackFideId "1016199"]
[EventDate "2012.07.24"]
[EventType "swiss"]

1. e4 e6 2. Nf3 d5 3. Nc3 Nf6 4. e5 Nfd7 5. d4 c5 6. dxc5 Nc6 7. Bf4 Bxc5 8. Bd3
Be7 9. Qd2 g5 10. Bxg5 Ndxe5 11. Bxe7 Nxf3+ 12. gxf3 Qxe7 13. O-O-O d4 14. Bb5
e5 15. Nd5 Qd6 16. c4 Be6 17. Nf6+ Kd8 18. f4 Bxc4 19. fxe5 Qc5 20. Bxc4 Qxc4+
21. Kb1 Rc8 22. Ne4 Rc7 23. Qg5+ Re7 24. Qf6 Rg8 25. Rhg1 Rg6 26. Rxg6 hxg6 27.
Qd6+ Rd7 28. Qf8+ Kc7 29. Nd6 Qe6 30. Qc8+ Kb6 31. Rd3 Rxd6 32. Rb3+ Qxb3 33.
axb3 Nxe5 34. b4 Rd5 35. Kc2 d3+ 36. Kd1 d2 37. f4 Nc6 38. b5 Rxb5 39. Kxd2
Rxb2+ 40. Kc3 Rxh2 41. Qe8 Rh3+ 42. Kd2 Rf3 43. Qe4 Rb3 44. Qe8 Rf3 45. Qe4 Rg3
46. f5 gxf5 47. Qxf5 Rg2+ 48. Kc3 a5 49. Qxf7 a4 50. Qf3 Rc2+ 0-1

[Event "Dutch Open 2012"]
[Site "Dieren NED"]
[Date "2012.07.31"]
[Round "7.12"]
[White "Sowray, Peter J"]
[Black "Vereggen, Lars"]
[Result "1-0"]
[WhiteTitle "FM"]
[WhiteElo "2375"]
[BlackElo "2051"]
[WhiteFideId "400971"]
[BlackFideId "1029258"]
[EventDate "2012.07.24"]
[EventType "swiss"]

1. d4 Nf6 2. c4 c5 3. d5 e5 4. Nc3 d6 5. e4 Be7 6. g3 Nbd7 7. Bg2 Nf8 8. Nge2
Ng6 9. h3 h5 10. Be3 Bd7 11. Qd2 a6 12. a4 b6 13. Nc1 h4 14. g4 a5 15. Nd3 Bc8
16. Ne2 Nd7 17. O-O-O Ra7 18. Rdg1 Ndf8 19. Bf3 Nh7 20. g5 Nhf8 21. Bg4 Bxg4 22.
Rxg4 Rh5 23. Rhg1 Rd7 24. Kc2 Rb7 25. f3 Rd7 26. Nc3 Rb7 27. Qf2 Rd7 28. Ne2 Rc7
29. Bd2 Ra7 30. Nc3 Rb7 31. Qh2 Rd7 32. Qg2 Rb7 33. Nd1 Nh7 34. b3 Ra7 35. Nc3
Nhf8 36. Ne2 Nh7 37. f4 exf4 38. Nexf4 Nxf4 39. Nxf4 Rxg5 40. Rxg5 Bxg5 41. Qg4
Bxf4 42. Bxf4 g6 43. Re1 Re7 44. Qxh4 f6 45. Qg3 Kf7 46. Bxd6 Re8 47. e5 fxe5
48. Rf1+ Kg7 49. Bxe5+ Kh6 50. Rf7 g5 51. Qd3 1-0

[Event "Dutch Open 2012"]
[Site "Dieren NED"]
[Date "2012.07.31"]
[Round "7.13"]
[White "Schouten, Nico"]
[Black "Van Osch, Mees"]
[Result "1-0"]
[WhiteElo "2232"]
[BlackElo "2071"]
[WhiteFideId "1001108"]
[BlackFideId "1035967"]
[EventDate "2012.07.24"]
[EventType "swiss"]

1. d4 d6 2. Nf3 g6 3. e3 Bg7 4. Be2 Nf6 5. O-O O-O 6. c4 Bg4 7. Nc3 Nbd7 8. h3
Bxf3 9. Bxf3 c6 10. b3 e5 11. Bb2 Re8 12. Qc2 Qe7 13. Rad1 e4 14. Be2 Nb6 15.
Ba3 Qc7 16. c5 dxc5 17. Bxc5 Nbd5 18. Nb1 Bh6 19. Bc4 Rad8 20. Rfe1 Qa5 21. Rc1
Rc8 22. Qb2 a6 23. Nd2 Nd7 24. Bd6 Bf8 25. Bxf8 Kxf8 26. a3 N7f6 27. b4 Qd8 28.
Be2 a5 29. b5 cxb5 30. Bxb5 Re7 31. Rxc8 Qxc8 32. Nc4 b6 33. Qb3 Rc7 34. Rb1 Kg7
35. Qa2 h5 36. Rc1 Ne8 37. Bxe8 Qxe8 38. Rf1 Qb5 39. Nd2 Nc3 40. Qb3 Qxb3 41.
Nxb3 Rc4 42. Ra1 Ra4 43. f3 b5 44. Nc5 Rc4 45. fxe4 b4 46. axb4 axb4 47. Kf2 b3
48. Nxb3 Nxe4+ 49. Kf3 f5 50. Ra2 Kf6 51. h4 Rc6 52. Nd2 Nd6 53. Kf4 Rb6 54. Rc2
Ra6 55. Nf3 Ne4 56. Ne5 g5+ 57. hxg5+ Nxg5 58. Nd7+ Kg6 59. Nc5 Ra1 60. Nd3 Kf6
61. Rc6+ Ne6+ 62. Kg3 Ra3 63. Nf4 Rxe3+ 64. Kh4 Kf7 65. Rxe6 Ra3 66. Re5 Kf6 67.
Nxh5+ Kg6 68. Nf4+ Kf6 69. Re6+ Kf7 70. Kg5 Ra4 71. d5 1-0

[Event "Dutch Open 2012"]
[Site "Dieren NED"]
[Date "2012.07.31"]
[Round "7.14"]
[White "Van Liempt, Michael"]
[Black "Efroimski, Marsel"]
[Result "0-1"]
[BlackTitle "WIM"]
[WhiteElo "1954"]
[BlackElo "2187"]
[WhiteFideId "1012665"]
[BlackFideId "2810964"]
[EventDate "2012.07.24"]
[EventType "swiss"]

1. e4 e6 2. d3 d5 3. Nd2 Nf6 4. Ngf3 b6 5. g3 dxe4 6. dxe4 Bb7 7. Bd3 Nbd7 8.
O-O Nc5 9. e5 Nxd3 10. cxd3 Nd5 11. Qa4+ Qd7 12. Qxd7+ Kxd7 13. Ne4 h6 14. Rd1
Be7 15. Nfd2 Rhd8 16. Nc4 Nb4 17. f4 Ke8 18. Nf2 Nc2 19. Rb1 Bc5 20. a3 a5 21.
b4 axb4 22. axb4 Nxb4 23. d4 Rxd4 24. Rxb4 Rxd1# 0-1

[Event "Dutch Open 2012"]
[Site "Dieren NED"]
[Date "2012.07.31"]
[Round "7.15"]
[White "Ellenbroek, Ton"]
[Black "Van Mierlo, Guido"]
[Result "0-1"]
[WhiteElo "2047"]
[BlackElo "2089"]
[WhiteFideId "1002597"]
[BlackFideId "1032453"]
[EventDate "2012.07.24"]
[EventType "swiss"]

1. e4 e5 2. Nf3 Nc6 3. Bb5 Nf6 4. O-O Nxe4 5. Re1 Nd6 6. Bf1 Be7 7. Nxe5 Nxe5 8.
Rxe5 O-O 9. d4 Bf6 10. Re1 Nf5 11. c3 d5 12. Bf4 Ne7 13. h3 c6 14. Nd2 Qb6 15.
g4 Ng6 16. Bd6 Rd8 17. Ba3 Qc7 18. Qf3 Bg5 19. Rad1 Nh4 20. Qe2 Bd7 21. Nf3 Re8
22. Qd3 Nxf3+ 23. Qxf3 Qf4 24. Qxf4 Bxf4 25. b3 f5 26. f3 Kf7 27. Bc1 Bg3 28.
Rxe8 Rxe8 29. Bd3 f4 30. Bd2 h5 31. Kg2 Kf6 32. a3 Re7 33. b4 Be8 34. Bf1 Bg6
35. Rc1 Re8 36. Ra1 Bc2 37. Rc1 Bb3 38. b5 Ba4 39. bxc6 Bxc6 40. c4 hxg4 41.
hxg4 Rh8 42. Kg1 dxc4 43. Bc3 Bxf3 44. Bg2 Bxg2 45. Kxg2 Kg5 46. d5 Kxg4 0-1

[Event "Dutch Open 2012"]
[Site "Dieren NED"]
[Date "2012.07.31"]
[Round "7.16"]
[White "Vos, Tjark"]
[Black "De Bruijne, Arian"]
[Result "1/2-1/2"]
[WhiteElo "1958"]
[BlackElo "1934"]
[WhiteFideId "1020870"]
[BlackFideId "1039946"]
[EventDate "2012.07.24"]
[EventType "swiss"]

1. e4 c5 2. Nf3 d6 3. d4 cxd4 4. Nxd4 Nf6 5. Nc3 a6 6. Bg5 Nbd7 7. Bc4 g6 8. Qe2
Bg7 9. O-O-O O-O 10. f4 Qc7 11. f5 b5 12. Bd5 Bb7 13. fxg6 hxg6 14. Bxb7 Qxb7
15. Nb3 b4 16. Nd5 Nxd5 17. exd5 Ne5 18. h4 a5 19. h5 f6 20. hxg6 fxg5 21. Qh5
Rf2 22. Rhf1 Qa7 23. Rxf2 Qxf2 24. Qh7+ Kf8 25. Nd2 Qd4 26. Rf1+ Ke8 27. Qg8+
Kd7 28. Qxa8 Ng4 29. Qb7+ Kd8 30. Qb8+ Kd7 31. Qb5+ Kd8 32. Qxa5+ Kd7 33. Qb5+
Kd8 34. Qa5+ Kc8 35. Qa8+ Kc7 36. Qc6+ Kd8 37. Rf8+ Bxf8 38. Qa8+ Kd7 39. Qxf8
Nf6 40. b3 Qg1+ 41. Kb2 Qd4+ 1/2-1/2

[Event "Dutch Open 2012"]
[Site "Dieren NED"]
[Date "2012.08.01"]
[Round "8.3"]
[White "De Jong, Migchiel"]
[Black "Greenfeld, Alon"]
[Result "0-1"]
[WhiteTitle "IM"]
[BlackTitle "GM"]
[WhiteElo "2358"]
[BlackElo "2556"]
[WhiteFideId "1002848"]
[BlackFideId "2800039"]
[EventDate "2012.07.24"]
[EventType "swiss"]

1. e4 c5 2. Nf3 d6 3. d4 cxd4 4. Nxd4 Nf6 5. Nc3 Nc6 6. Bc4 Bd7 7. O-O e6 8.
Ndb5 Qb8 9. a4 Be7 10. Bf4 Ne5 11. Be2 O-O 12. Bg3 a6 13. f4 Neg4 14. Bxg4 axb5
15. Bf3 b4 16. Nb5 Rxa4 17. Rxa4 Bxb5 18. Ra5 Bxf1 19. Kxf1 b6 20. Rb5 d5 21.
exd5 exd5 22. Bxd5 Bc5 23. Bb3 Ne4 24. Qd3 Re8 25. Qd5 Nxg3+ 26. hxg3 Qa7 27.
Ba2 Qe7 28. Qd2 Qf6 29. c3 Qh6 30. Rxc5 bxc5 31. cxb4 Qa6+ 0-1

[Event "Dutch Open 2012"]
[Site "Dieren NED"]
[Date "2012.08.01"]
[Round "8.4"]
[White "Pijpers, Arthur"]
[Black "Raznikov, Danny"]
[Result "0-1"]
[BlackTitle "IM"]
[WhiteElo "2341"]
[BlackElo "2462"]
[WhiteFideId "1019554"]
[BlackFideId "2811154"]
[EventDate "2012.07.24"]
[EventType "swiss"]

1. e4 c5 2. Nf3 d6 3. d4 cxd4 4. Nxd4 Nf6 5. Nc3 a6 6. Bg5 e6 7. f4 Be7 8. Qf3
Qc7 9. O-O-O Nbd7 10. g4 b5 11. Bxf6 Nxf6 12. g5 Nd7 13. f5 O-O 14. Rg1 b4 15.
Nce2 e5 16. f6 exd4 17. fxe7 Re8 18. Rxd4 Ne5 19. Qg3 Qc5 20. Bh3 Bxh3 21. Qxh3
Rac8 22. Qb3 Rxe7 23. Rgd1 Nc4 24. Rd5 Qe3+ 25. Qxe3 Nxe3 26. Rxd6 Nxd1 27. Kxd1
Rxe4 28. Nd4 g6 29. Kd2 Rh4 30. Kd3 a5 31. Rd5 a4 32. Rb5 Rh3+ 33. Ke4 Rh4+ 34.
Kd3 a3 35. Rxb4 axb2 36. Rxb2 Rxh2 37. a4 Rh3+ 38. Ke4 Rc4 39. Ke5 Re3+ 40. Kf6
Rc6+ 41. Nxc6 Re6# 0-1

[Event "Dutch Open 2012"]
[Site "Dieren NED"]
[Date "2012.08.01"]
[Round "8.5"]
[White "Houben, Jaap"]
[Black "Popilski, Gil"]
[Result "0-1"]
[BlackTitle "IM"]
[WhiteElo "2269"]
[BlackElo "2450"]
[WhiteFideId "1028103"]
[BlackFideId "2809060"]
[EventDate "2012.07.24"]
[EventType "swiss"]

1. e4 c6 2. d4 d5 3. exd5 cxd5 4. Bd3 Nc6 5. c3 e5 6. dxe5 Nxe5 7. Qe2 Qe7 8.
Bb5+ Nc6 9. Bg5 Qxe2+ 10. Nxe2 Be7 11. Bxe7 Nxe7 12. Na3 a6 13. Ba4 O-O 14. O-O
b5 15. Bb3 b4 16. cxb4 Nxb4 17. Rfd1 Rb8 18. Rac1 Ng6 19. Nc2 Be6 20. Ncd4 Bd7
21. Rc7 Rfd8 22. Nc3 Nf4 23. a3 Nbd3 24. Rd2 Ne6 25. Rxd7 Rxd7 26. Ba4 Rc7 27.
Nxe6 fxe6 28. Rxd3 Rxb2 29. g3 Kf7 30. Kg2 Ke7 31. Kf3 Rc4 32. Bb3 Rc8 33. Nd1
Rb1 34. Ke3 Ra1 35. Ba4 Rc4 36. Nb2 Re4+ 37. Kd2 Ra2 38. Kc3 Rxa3+ 39. Bb3 a5
40. Kd2 Rb4 41. Kc2 e5 42. f3 d4 43. h4 h5 44. Bc4 Rxd3 45. Bxd3 a4 46. Nc4 Kf6
47. Be2 Rb3 48. Nd6 Re3 49. Ne4+ Ke7 50. Bd1 a3 51. Nd2 Rc3+ 52. Kb1 Rd3 0-1

[Event "Dutch Open 2012"]
[Site "Dieren NED"]
[Date "2012.08.01"]
[Round "8.7"]
[White "Arjun, Bharat"]
[Black "Heemskerk, Wim"]
[Result "1-0"]
[WhiteTitle "CM"]
[BlackTitle "FM"]
[WhiteElo "2250"]
[BlackElo "2252"]
[WhiteFideId "5032725"]
[BlackFideId "1001000"]
[EventDate "2012.07.24"]
[EventType "swiss"]

1. Nf3 c5 2. c4 g6 3. g3 Bg7 4. Bg2 Nc6 5. Nc3 e6 6. O-O Nge7 7. d3 O-O 8. Rb1
d5 9. Bd2 b6 10. a3 Bb7 11. b4 cxb4 12. axb4 dxc4 13. dxc4 Rc8 14. c5 bxc5 15.
bxc5 Na5 16. Nb5 Rxc5 17. Qa4 Nec6 18. Rfd1 Ba6 19. Ne1 Bxb5 20. Rxb5 Rxb5 21.
Qxb5 Qb6 22. Qa4 Rd8 23. Nd3 Rd4 24. Qa2 Qd8 25. Rc1 Rd6 26. Rc5 Bd4 27. Bxa5
Nxa5 28. Rxa5 1-0